Juristerei : ein fröhliches Wörterbuch für Paragraphenfuchser und Schreibtischhengste, vor allem aber für das hochverehrte rechtsuchende Publikum /
Saved in:
| Main Author: | |
|---|---|
| Other Authors: | |
| Format: | Book |
| Language: | German |
| Published: |
München :
Tomus,
[1996].
|
| Edition: | [11. Aufl.] |
| Series: | Fröhliches Wörterbuch..
|
| Subjects: | |
| Tags: |
Add Tag
No Tags, Be the first to tag this record!
|
| LEADER | 01004nam a2200265 a 4500 | ||
|---|---|---|---|
| 001 | 006604759-5 | ||
| 005 | 20041026091801.0 | ||
| 008 | 960312s1996 gw a 000|h ger d | ||
| 020 | |a 3823101560 | ||
| 035 | 0 | |a ocn235925381 | |
| 090 | |a PN6231.L4 |b S72 1996x | ||
| 100 | 1 | |a Staehle, Hansjörg. | |
| 245 | 1 | 0 | |a Juristerei : |b ein fröhliches Wörterbuch für Paragraphenfuchser und Schreibtischhengste, vor allem aber für das hochverehrte rechtsuchende Publikum / |c von Hansjörg Staehle ; mit Zeichnungen von Klaus Puth. |
| 246 | 1 | 4 | |a Juristerei : |b <ist> die überaus kostspielige Kunst, den Amtsschimmel sowohl zum Wiehern als auch zum Galoppierenzu bringen. |
| 250 | |a [11. Aufl.] | ||
| 260 | |a München : |b Tomus, |c [1996]. | ||
| 300 | |a 96 p. |b ill. ; |c 21 cm. | ||
| 490 | 1 | |a Fröhliches Wörterbuch. | |
| 650 | 0 | |a Lawyers |x Humor. | |
| 650 | 0 | |a Practice of law |x Humor. | |
| 650 | 0 | |a German wit and humor. | |
| 700 | 1 | |a Puth, Klaus. | |
| 830 | 0 | |a Fröhliches Wörterbuch.. | |
| 988 | |a 20020608 | ||
| 906 | |0 MH | ||


